00477nam a2200157 a 45000010005000000030005000050050017000100080041000270400020000682450023000882600042001112600024001533000019001775000108001966000015003045429CDMR20131010111309.0130130s1997||||||||||||||||||||||||||||d aCDMRbcatcCDMR 0aPla i els artistes aBarcelonabFundació Caixa Catalunya c1997bRevista Nexus a64 p.bil. col aNúmero monogràfic (núm. 18, juliol de 1997) de la revista Nexus, de la Fundació Caixa Catalunya1 aPla, Josep